000 00708nam a22002057a 4500
999 _c191558
_d191558
005 20220829165639.0
010 _aENG-134765
020 _a9789354420962
_c195.00
035 _aEN-118297
037 _bDBAD/PUB
082 _a305.420954
245 _aA world of equals:
_ba textbook on gender/
_cedited by Susie tharu, A. Suneetha & Uma maheswari bhrugubanda
260 _aHyderabad
_bOrient blackswan private limited
_c2022
270 _a3-6-752, Himayatnagarm, telangana
_bhyderabad
_e500029
_minfo@orientblackswan.com
300 _a169p.
_c25cm(pbk)
700 _aTharu, Susie
700 _aSuneetha, A.
700 _aBhrugubanda, Uma Maheswari
942 _2ddc
_cEN
_h305.420954
_mWOR